Kakashi Hatake - Statistics

General Stats
  • This quiz has been taken 8 times
  • The average score is 22 of 35
Answer Stats
Question Answer % Correct
What Animal Does He Primarily Summon? Dog | Hounds | Ninken
100%
He's A Master At All _____ Chakra Natures. Five | 5
100%
What Clan? Hatake
100%
Who Is His Sensei (Teacher)? Minato
100%
Who Is His Blonde Hair Student? Naruto
100%
Who Gave Him His Eye? Obito
100%
Who Is His Black Hair Student? Sasuke
100%
What Eye Does He Have? Sharingan
100%
What Number Hokage Is He? Sixth | 6
100%
What Jutsu Did He Invent? Chidori
75%
Who Is His Rival? Guy
75%
What Is His Eye's Signature Move? Kamui
75%
Who Snatched His Left Eye During The 4th Great Ninja War? Madara
75%
How Much Justus Does He Know? Over a Thousand | Thousand | 1000 | Over a 1000
75%
What Former Teammate Did He Kill? Rin
75%
Who Is His Pink Hair Student? Sakura
75%
What Color Is His Perfect Susano'o? Sky Blue | Blue | Cyan | Teal | Light Blue
75%
How Did His Dad Die? Suicide
75%
Who Is The Author To His Favorite Book Series? Jiraiya
50%
What Is The More Refined Justu He Invented? Lightning Cutter | Lightning Blade | Raikiri
50%
What Is His Primary Chakra Nature? Lightning Style
50%
What Is His Favorite Book Series? Make Out Tactics | Icha Icha Paradise
50%
Who Is His Dad? Sakumo
50%
What Is His Famous Nickname? The Copy Ninja
50%
How Long Was He In The Anbu? 10 Years
25%
How Old Was He When He Joined The Anbu? 12-13 Years Old
25%
At What Age Was He Assigned Captain Of The Anbu? 13-14 Years Old
25%
How Old Was He When He Graduated From The Academy? 5 Years Old
25%
When Did He First Use His Awakened Left Eye? During The Fight Against Deidara | The Fight Against Deidara
25%
Why Is He So Cold Hearted? Everyone He Cared About Died | Everyone That He Cared About Died
25%
Why Did He Prioritize The Rules So Much? His Father Died
25%
Why Does He Hide His Left Eye? His Left Eye Consumes Too Much Chakra
25%
Why Did He Join The Anbu? To Cope With His Trauma And Guilt | Trauma | Guilt
25%
When Did He Awaken His Left Eye? When Rin Died
25%
Who's Sword Could He Wield? Zabuza's Massive Sword | Kubikiribocho
25%
No matching quizzes found
Score Distribution
Percent of People with Each Score
Percentile by Number Answered
Your Score History
You have not taken this quiz